The magnificent vision : (Record no. 401)

MARC details
000 -LEADER
fixed length control field 00968pam a2200277 a 4500
001 - CONTROL NUMBER
control field 3433549
003 - CONTROL NUMBER IDENTIFIER
control field GBCCL
005 - DATE AND TIME OF LATEST TRANSACTION
control field 20241126110337.0
008 - FIXED-LENGTH DATA ELEMENTS--GENERAL INFORMATION
fixed length control field 910806s1992 miu 000 0 eng
010 ## -
-- 91031726
020 ## - INTERNATIONAL STANDARD BOOK NUMBER
International Standard Book Number 0892837543
040 ## - CATALOGING SOURCE
Original cataloging agency DLC
Transcribing agency DLC
Modifying agency DLC
050 00 -
-- BV4501.2
-- .O334 1991
082 00 - DEWEY DECIMAL CLASSIFICATION NUMBER
Classification number 248.4851
Edition information 20
Item number OGI
100 1# - MAIN ENTRY--PERSONAL NAME
Personal name Ogilvie, Lloyd John.
9 (RLIN) 551
245 14 - TITLE STATEMENT
Title The magnificent vision :
Remainder of title seeing yourself through the eyes of Christ /
Statement of responsibility, etc. Lloyd John Ogilvie.
250 ## - EDITION STATEMENT
Edition statement Rev. ed.
260 ## - PUBLICATION, DISTRIBUTION, ETC.
Place of publication, distribution, etc. Ann Arbor, Mich. :
Name of publisher, distributor, etc. Servant Publications,
Date of publication, distribution, etc. c1991.
300 ## - PHYSICAL DESCRIPTION
Extent 164 p. ;
Dimensions 21 cm.
600 00 - SUBJECT ADDED ENTRY--PERSONAL NAME
Personal name Jesus Christ
General subdivision Person and offices.
9 (RLIN) 268
650 #0 - SUBJECT ADDED ENTRY--TOPICAL TERM
Topical term or geographic name entry element Christian life
General subdivision Presbyterian authors.
9 (RLIN) 552
650 #0 - SUBJECT ADDED ENTRY--TOPICAL TERM
Topical term or geographic name entry element Fruit of the Spirit.
9 (RLIN) 553
906 ## - LOCAL DATA ELEMENT F, LDF (RLIN)
a 7
b cbc
c orignew
d 1
e ocip
f 19
g y-gencatlg
942 ## - ADDED ENTRY ELEMENTS (KOHA)
Source of classification or shelving scheme Dewey Decimal Classification
Koha item type Books
Holdings
Withdrawn status Lost status Source of classification or shelving scheme Damaged status Not for loan Home library Current Library Shelving location Date acquired Total checkouts Full call number Barcode Date last seen Copy number Price effective from Koha item type
    Dewey Decimal Classification     GRACE BIBLE COLLEGE GRACE BIBLE COLLEGE Ministry & Mission 2016-10-25   248.4851 OGI 009370 2025-05-01 c.1 2016-10-25 Books
© Grace Bible College Library 2025